Some Aspects of Pakistan (Record no. 241)
[ view plain ]
| 000 -LEADER | |
|---|---|
| fixed length control field | 00621nam a2200253 a 4500 |
| 020 ## - INTERNATIONAL STANDARD BOOK NUMBER | |
| ISBN | |
| 082 00 - DEWEY DECIMAL CLASSIFICATION NUMBER | |
| Classification number | 323.39710954 |
| Author Cutter | AHM1 |
| 100 ## - MAIN ENTRY--AUTHOR NAME | |
| Author name | Ahmad, Jamil-Ud-Din |
| 245 ## - TITLE STATEMENT | |
| Title | Some Aspects of Pakistan |
| 260 ## - PUBLICATION, DISTRIBUTION, ETC. (IMPRINT) | |
| Place of publication | Lahore |
| Name of publisher | Ashraf Press |
| Year of publication | 1945 |
| 300 ## - PHYSICAL DESCRIPTION | |
| Number of Pages | 28p |
| 500 ## - GENERAL NOTE | |
| General note | includes index and biblioraphy |
| 505 2# - FORMATTED CONTENTS NOTE | |
| Formatted contents note | Appendix |
| 650 ## - SUBJECT ADDED ENTRY--TOPICAL TERM | |
| Topical Term | Muslims-India-Politics |
| 650 ## - SUBJECT ADDED ENTRY--TOPICAL TERM | |
| Topical Term | Pakistan-Movement |
| 942 ## - ADDED ENTRY ELEMENTS (KOHA) | |
| Koha item type | Books |
| 700 1# - | |
| -- | Ahmad, Jamil-Ud-Din |
| Collection code | Home library | Current library | Date acquired | Cost, normal purchase price | Full call number | Accession Number | Koha item type |
|---|---|---|---|---|---|---|---|
| Henry Martyn Institute Library | Henry Martyn Institute Library | 03/07/2008 | 100.00 | 323.39710954 AHM1 | 00982 | Books |
